|
|
|
|
| LEADER |
00000nam0a2200000 4500 |
| 001 |
312173 |
| 005 |
20250610091244.0 |
| 035 |
|
|
|a (RuTPU)RU\TPU\book\337540
|
| 090 |
|
|
|a 312173
|
| 100 |
|
|
|a 20151217d1871 k y0rusy50 ca
|
| 101 |
0 |
|
|a rus
|
| 102 |
|
|
|a RU
|
| 105 |
|
|
|a f z 000zy
|
| 181 |
|
0 |
|a i
|b e
|
| 182 |
|
0 |
|a n
|
| 183 |
|
0 |
|a nc
|2 RDAcarrier
|
| 200 |
1 |
|
|a Сравнительные исследования над некоторыми системами заводских паровых котлов
|e диссертация, представленная в Совет Горного Института, для получения звания адъюнкта по кафедре прикладной механики
|f Г. Я. Дорошенко
|
| 203 |
|
|
|a Текст
|b визуальный
|c непосредственный
|
| 210 |
|
|
|a Санкт-Петербург
|c Типография В. Демакова
|d 1871
|
| 215 |
|
|
|a 75 с.
|c черт.
|
| 283 |
|
|
|a volume
|2 RDAcarrier
|
| 300 |
|
|
|a Печатано с разрешения Совета Горного Института. 29 сентября 1871 г. Инспектор Института д. с. с. В. Ерофеев.
|
| 300 |
|
|
|a Текст в русской дореформенной орфографии
|
| 316 |
|
|
|5 63413507: 9207
|a На обложке владельческая подпись: «Романовский»
|
| 317 |
|
|
|5 63413507: 9207
|a Приобретен ТТИ в 1908 г. для Горного отделения В. А. Обручевым и Л. Л. Тове из библиотеки профессора Горного института Г. Д. Романовского
|
| 606 |
1 |
|
|a Паровые котлы
|9 85333
|
| 610 |
1 |
|
|a паровые системы
|
| 610 |
1 |
|
|a исследования
|
| 610 |
1 |
|
|a владельческая подпись
|
| 610 |
1 |
|
|a Библиотека Г. Д. Романовского
|
| 675 |
|
|
|a 621.181(04)
|v 4
|
| 700 |
|
1 |
|a Дорошенко
|b Г. Я.
|c горный инженер
|c Профессор Петербургского горного института
|f 1846-1910
|g Григорий Яковлевич
|3 (RuTPU)RU\TPU\pers\34857
|9 18193
|
| 801 |
|
1 |
|a RU
|b 63413507
|c 20151217
|
| 801 |
|
2 |
|a RU
|b 63413507
|c 20151217
|g RCR
|
| 850 |
|
|
|a 63413507
|
| 942 |
|
|
|c BK
|